000 004010000a22001690004500
003 MACL
005 20160109125641.0
008 160109b xxu||||| |||| 00| 0 eng d
040 _aMACL
_cMACL
041 _aEnglish
082 _a920/SIN
100 _aSingh, Iqbal
_914792
245 _aRammohun Roy
260 _bAsian Publishers
_aBombay
650 _aBiography
_930311
942 _cBK
_k920/sin
_2ddc
999 _c34921
_d34921